| 000 | 00660nam a2200193 i 4500 | ||
|---|---|---|---|
| 001 | 86724 | ||
| 003 | ES-MaACL | ||
| 005 | 20230906175519.0 | ||
| 007 | t| | ||
| 008 | 041215s1931 fr ||||1| fre d | ||
| 100 | 1 |
_aKautsky, Karl. _967661 |
|
| 245 | 1 | 3 |
_aLe bolchevisme dans l'impasse / _cKarl Kautsky ; avec une préface inédite de l'auteur pour l'édition française ; traduit par Bracke. |
| 260 |
_aParis : _bLa Russie opprimée, _c1931 ( _fImp. Voltaire) |
||
| 300 |
_a162 p. ; _c18 cm. |
||
| 650 | 4 |
_aComunismo- _zURSS. _911227 |
|
| 651 | 4 |
_aURSS- _xSituación económica- _y1900-1945. _9172457 |
|
| 700 | 1 |
_aBracke. _931242 |
|
| 852 |
_aES-MaACL _jF-13832 |
||
| 999 |
_c86724 _d86724 |
||